The Camera book : everything you need to know about choosing and using photographic equipment to create better pictures /

Bibliographic Details
Other Authors: Langford, Michael, 1933-
Format: Book
Language:English
Published: New York, N.Y. : Ziff-Davis, 1980.
Subjects:

MARC

Tag First Indicator Second Indicator Subfields
LEADER 00000cam a2200000 a 4500
001 in00000081994
005 20151008055445.0
008 801204s1980 nyua 00100 eng d
010 |a  79093354  
020 |a 0871650738 :  |c 25.00 
035 |a (OCoLC)06997139 
035 |9 AAJ3513AM 
040 |a OCP  |c OCP  |d m.c.  |d TXA  |d UtOrBLW 
049 |a TXAM  |c [387729] 
090 |a TR145  |b .C3 
092 |a 771.3  |b C1823 
245 0 4 |a The Camera book :  |b everything you need to know about choosing and using photographic equipment to create better pictures /  |c Consulting editor Michael J. Langford. 
264 1 |a New York, N.Y. :  |b Ziff-Davis,  |c 1980. 
300 |a 256 pages :  |b illustrations (some color) ;  |c 29 cm. 
336 |a text  |b txt  |2 rdacontent 
337 |a unmediated  |b n  |2 rdamedia 
338 |a volume  |b nc  |2 rdacarrier 
500 |a "Popular photography books." 
500 |a Includes index. 
650 0 |a Cameras. 
650 0 |a Photography  |x Technique. 
700 1 |a Langford, Michael,  |d 1933- 
999 |a MARS 
999 f f |s 788d8319-b6c3-39ee-8606-6f6f4cd543a1  |i 40552826-e156-39d2-8897-37ad3a25b399  |t 0 
952 f f |p ric  |a Texas A&M University  |b Rellis Campus  |c Joint Library Facility  |d Remote Storage  |t 0  |e TR145 .C3  |h Library of Congress classification  |i unmediated -- volume  |m A14825522765 
998 f f |a TR145 .C3  |t 0  |l Remote Storage